Odvolali šéfa Dohody rómskych politických strán G. Adama Novým predsedom sa stal L. Fízik

Bibliographic Details
Main Author: Seman, Samo (Author)
Format: Article
Language:Slovak
PhysicalDescription:1 foto
ISSN:1335-4566
Subjects:

MARC

LEADER 00000nab a2200000 a 4500
001 vtls000907126
003 SK-MaSNL
005 20260304220956.0
008 040720e20010308xo 0 slo
035 |a KE16066 
040 |a KEVKJB  |b slo  |c KEVKJB  |e AACR2 
041 0 |a slo 
044 |a xo  |c SK 
080 |a 329.4(=914.99)  |2 1981 
100 1 |a Seman, Samo  |4 aut  |9 877257 
245 1 0 |a Odvolali šéfa Dohody rómskych politických strán G. Adama  |b Novým predsedom sa stal L. Fízik 
300 |b 1 foto 
590 |a Adam, Gejza  |b predseda ROI 
590 |a Fízik, Ladislav  |b predseda 
600 1 7 |a Adam, Gejza  |2 KEVKJB  |9 487782 
600 1 7 |a Fízik, Ladislav,  |d 1954-  |2 KEVKJB  |9 1338951 
650 0 7 |a Rómovia  |2 KEVKJB  |9 1702 
650 0 7 |a Dohoda rómskych politických strán a mimovládnych združení  |2 KEVKJB  |9 1552815 
650 0 7 |a odvolanie  |2 KEVKJB  |9 877460 
650 0 7 |a zvolenie  |2 KEVKJB  |9 877965 
651 7 |a Košice (Slovensko)  |2 KEVKJB  |9 18694 
651 7 |a KE,  |2 KEVKJB  |9 877256 
655 7 |a periodikum  |2 snkbucl  |9 29553 
773 0 8 |t Košický denník Korzár  |g Roč. 4, č.56, 8.3.2001, s. 3  |x 1335-4566 
852 |a ZVYKNI  |b KIS3GCP 
999 |c 3155263  |d 3157193